Le fabuleux jour de la marmotte (Notice n° 18791)

Détails MARC
000 -LEADER
fixed length control field 00651nam a2200217 i 4500
001 - CONTROL NUMBER
control field 0008107017
003 - CONTROL NUMBER IDENTIFIER
control field OSt
005 - DATE AND TIME OF LATEST TRANSACTION
control field 20260317191941.0
008 - FIXED-LENGTH DATA ELEMENTS--GENERAL INFORMATION
fixed length control field 260114 2026 fre
020 ## - INTERNATIONAL STANDARD BOOK NUMBER
International Standard Book Number 9781039716124
040 ## - CATALOGING SOURCE
Original cataloging agency QMBND
Language of cataloging fre
Description conventions rda
Transcribing agency QMBND
082 ## - DEWEY DECIMAL CLASSIFICATION NUMBER
Classification number ALB PAC
100 1# - MAIN ENTRY--PERSONAL NAME
Personal name Pace, Anne Marie
245 03 - TITLE STATEMENT
Title Le fabuleux jour de la marmotte
264 #1 - PRODUCTION, PUBLICATION, DISTRIBUTION, MANUFACTURE, AND COPYRIGHT NOTICE
Name of producer, publisher, distributor, manufacturer ďitions Scholastic,
Date of production, publication, distribution, manufacture, or copyright notice 2026
336 ## - CONTENT TYPE
Content type term texte
Content type code txt
Source rdacontent
337 ## - MEDIA TYPE
Media type term sans mďiation
Media type code n
Source rdamedia
338 ## - CARRIER TYPE
Carrier type term volume
Carrier type code nc
Source rdacarrier
942 ## - ADDED ENTRY ELEMENTS (KOHA)
Source of classification or shelving scheme Dewey Decimal Classification
Koha item type Album jeunesse
Exemplaires
Withdrawn status Lost status Source of classification or shelving scheme Damaged status Not for loan Home library Current library Date acquired Total Checkouts Full call number Barcode Date last seen Price effective from Koha item type
    Dewey Decimal Classification     Bibliothèque municipale d'Henryville Bibliothèque municipale d'Henryville 2026-03-17   ALB PAC 30001030052569 2026-03-17 2026-03-17 Album jeunesse